Statistics for Regnal Years of English Monarchs

Click here to take the quiz!

General Stats

  • This quiz has been taken 114 times
  • The average score is 31 of 42

Answer Stats

MonarchRegnal years% Correct
Victoria1837 - 1901
98%
Elizabeth II1952 - ongoing
95%
Elizabeth I1558 - 1603
90%
George III1760 - 1820
90%
Henry VIII1509 - 1547
88%
Charles II1649 - 1685
85%
Henry VII1485 - 1509
83%
Charles I1625 - 1649
83%
George II1727 - 1760
83%
George V1910 - 1936
83%
George VI1936 - 1952
83%
William I1066 - 1087
80%
James I1603 - 1625
80%
George I1714 - 1727
78%
George IV1820 - 1830
78%
Mary I1553 - 1554
75%
Edward VIII1936 - 1936
75%
William II1087 - 1100
73%
Edward VII1901 - 1910
73%
Henry I1100 - 1135
70%
Henry II1154 - 1189
70%
John1199 - 1216
70%
Edward III1327 - 1377
70%
Henry VI1422-1461, 1470-1471
70%
Richard III1483 - 1485
70%
Edward VI1547 - 1553
70%
Edward I1272 - 1307
68%
James II1685 - 1688
68%
William IV1830 - 1837
68%
Henry III1216 - 1272
65%
Edward IV1461 - 1483
65%
Philip II and Mary I1554 - 1558
65%
William III and Mary II1689 - 1694
65%
Stephen1135 - 1154
63%
Richard I1189 - 1199
63%
Edward II1307 - 1327
63%
Richard II1377 - 1399
63%
Henry V1413 - 1422
63%
William III1694 - 1702
63%
Anne1702 - 1714
63%
Henry IV1399 - 1413
60%
Edward V1483 - 1483
55%

Score Distribution

Percentile by Number Answered

Percent of People with Each Score

Your Score History

You have not taken this quiz